Fuck Me Eyes - Ethel Cain (Lyrics) - Statistics

General Stats
  • This quiz has been taken 13 times
  • The average score is 376 of 420
Answer Stats
Answer % Correct
a
100%
and
100%
around
100%
as
100%
ass
100%
be
100%
boy
100%
boys
100%
but
100%
cause
100%
church
100%
clubs
100%
cut
100%
drugs
100%
ever
100%
eyes
100%
fuck
100%
get
100%
go
100%
goes
100%
good
100%
hair
100%
he
100%
her
100%
home
100%
"i
100%
i
100%
it
100%
jeans
100%
just
100%
make
100%
mama
100%
man's
100%
me
100%
moms
100%
no
100%
of
100%
off
100%
old
100%
on
100%
one
100%
out
100%
really
100%
scared
100%
she
100%
she's
100%
shes
100%
show
100%
side
100%
take
100%
that
100%
to
100%
truck
100%
up
100%
wants
100%
what
100%
"what
100%
when
100%
all
91%
bad
91%
before
91%
box
91%
can't
91%
children
91%
come
91%
do
91%
enough
91%
find
91%
for
91%
from
91%
gets
91%
gonna
91%
got
91%
high
91%
honey
91%
in
91%
it's
91%
jesus
91%
know
91%
like
91%
looks
91%
lot
91%
love
91%
motherfucker
91%
not
91%
nothing
91%
now
91%
parking
91%
passenger's
91%
ride
91%
say
91%
so
91%
some
91%
straight
91%
the
91%
they
91%
town
91%
trying
91%
wanna
91%
along
82%
are
82%
at
82%
bats
82%
cadillac
82%
daddy
82%
dark
82%
feel
82%
heartbreak
82%
heels
82%
hell"
82%
keeps
82%
nails
82%
never
82%
nowhere
82%
oh
82%
raising
82%
says
82%
taught
82%
well
82%
god
73%
if
73%
leaves
73%
see
73%
three
73%
too
73%
with
73%
years
73%
young
73%
you're
73%
ask
64%
laughs
64%
loud
64%
mouth?"
64%
red
64%
right
64%
talks
64%
undefeated
64%
why
64%
angel
55%
baby
55%
blame
55%
done
55%
holiday
55%
i'll
55%
inn
55%
kind
55%
liquor
55%
miss
55%
outside
55%
store
55%
tryna
55%
hate
45%
kinda
45%
posted
45%
pretty
45%
radio
45%
smile
45%
wipin
45%
big
36%
blastin
36%
miles
36%
white
36%
would
36%
ya
36%
oh-oh
9%
No matching quizzes found
Score Distribution
Percent of People with Each Score
Percentile by Number Answered
Your Score History
You have not taken this quiz